000
00205 a2200109 4500
020
_a
9780373218660
041
_a
eng
100
_a
Nora Roberts
245
_a
The law is a Lady
942
_c
BK
952
_7
4
999
_c
16571
_d
16571